Daily Capital City Riddle #100 - Statistics

General Stats
  • This quiz has been taken 35 times
  • The average score is 30 of 33
Answer Stats
Type Answer % Correct
Alphabet Letter A
100%
Found Letter D
100%
Alphabet Letter E
100%
Found Letter N
100%
Alphabet Letter O
100%
Alphabet Letter R
100%
Found Letter I
96%
Alphabet Letter S
96%
Alphabet Letter T
96%
Alphabet Letter W
96%
Alphabet Letter H
92%
Alphabet Letter K
92%
Found Letter L
92%
Alphabet Letter P
92%
Alphabet Letter Y
92%
Found Letter B
88%
Alphabet Letter C
88%
Alphabet Letter G
88%
Alphabet Letter M
88%
Correctly Placed Letter N
88%
Found Letter U
88%
Correctly Placed Letter I
85%
Alphabet Letter J
85%
Correctly Placed Letter L
85%
Correctly Placed Letter U
85%
Alphabet Letter V
85%
Alphabet Letter F
81%
Alphabet Letter X
81%
Alphabet Letter Z
81%
Correctly Placed Letter B
77%
Correctly Placed Letter D
77%
Mystery Capital Dublin
77%
Alphabet Letter Q
77%
No matching quizzes found
Score Distribution
Percent of People with Each Score
Percentile by Number Answered
Your Score History
You have not taken this quiz